000 00658nam a22002177a 4500
003 BD-DhJNU
005 20250216055941.0
008 250216b |||||||| |||| 00| 0 eng d
020 _a9788131501310
040 _aBD-DhJNU
_bENG
_cBD-DhJNU
_dBD-DhJNU
082 _223
_a153 STC
100 _aSternberg, J. Robert
245 _aCognitive psychology /
_cSternberg, J. Robert and Jeff Milo
250 _a4th ed.
260 _aAustralia :
_bThomson Wadsworth,
_c2007.
300 _axxviii, 595p. :
_bill. ;
_c24 cm
504 _aIncludes bibliographical references and index
650 _aCognitive psychology
700 _aMilo, Jeff
942 _2ddc
_cBK
_n0
999 _c1331
_d1331